01589nam a2200313Ia 4500001001200000003000800012006001900020007001500039008004100054010001700095040002100112035002100133050002200154111005700176245026600233260008100499300004200580490005000622500010100672504006000773533015200833650001600985650002201001655002901023710001701052830006301069856012601132999001701258ebr10072137CaPaEBRm u cr cn|||||||||850911s1958 dcua sb 100 0 eng d z 57060069  aCaPaEBRcCaPaEBR a(OCoLC)64986461514aQP91b.C66 1957eb2 aConference on Hemoglobind(1957 :cWashington, D.C.)10aConference on Hemoglobin, 2-3 May 1957h[electronic resource] /cheld under the auspices of the Division of Medical Sciences, National Academy of Sciences-National Research Council, with the support of the National Heart Institute, National Institute of Health. aWashington :bNational Academy of Sciences-National Research Council,c1958. axiv, 303 p. :bill., diagrs., tables.1 aNational Research Council. Publication ;v557 aSponsored by the Subcommittee on Blood and Related Problems of the Division of Medical Sciences. aIncludes bibliographies and bibliographical references. aElectronic reproduction.bPalo Alto, Calif. :cebrary,d2009.nAvailable via World Wide Web.nAccess may be limited to ebrary affiliated libraries. 0aHemoglobin. 0aHemoglobinopathy. 7aElectronic books.2local2 aebrary, Inc. 0aPublication (National Research Council (U.S.)) ;vno. 557.40uhttp://site.ebrary.com/lib/rucke/Doc?id=10072137zAn electronic book accessible through the World Wide Web; click to view c44517d44517